Movement of moisture in the unsaturated zone in a loess-mantled area, southwestern Kansas /

Bibliographic Details
Main Author: Prill, Robert C.
Corporate Authors: Geological Survey (U.S.), Kansas Geological Survey
Format: Government Document Book
Language:English
Published: Washington : U.S. Govt. Print. Off, 1977.
Series:Geological Survey professional paper ; 1021.
Subjects:

MARC

Tag First Indicator Second Indicator Subfields
LEADER 00000cam a2200000 i 4500
001 in00002784468
005 20150922145808.0
008 761222s1977 dcua b f000 0 eng
010 |a  76608403  
035 |a (OCoLC)ocm02681551 
035 |a (OCoLC)2681551 
040 |a DLC  |b eng  |c DLC  |d ONB  |d BTCTA  |d LVB  |d AST  |d UtOrBLW 
043 |a n-us-ks 
049 |a TXAM 
050 0 0 |a GB1197.7  |b .P74 
082 0 0 |a 551.4/9 
086 0 |a I 19.16:1021 
100 1 |a Prill, Robert C. 
245 1 0 |a Movement of moisture in the unsaturated zone in a loess-mantled area, southwestern Kansas /  |c by Robert C. Prill ; prepared in cooperation with the Kansas Geological Survey. 
264 1 |a Washington :  |b U.S. Govt. Print. Off,  |c 1977. 
300 |a iv, 21 pages :  |b illustrations ;  |c 29 cm. 
336 |a text  |b txt  |2 rdacontent 
337 |a unmediated  |b n  |2 rdamedia 
338 |a volume  |b nc  |2 rdacarrier 
490 1 |a Geological Survey professional paper ;  |v 1021 
504 |a Bibliography: page 21. 
650 0 |a Groundwater flow  |z Kansas. 
650 0 |a Loess  |z Kansas. 
650 0 |a Soil moisture. 
650 0 |a Artificial groundwater recharge  |z Kansas. 
650 6 |a Eau souterraine  |x Écoulement  |z Kansas. 
650 6 |a Lœss  |z Kansas. 
650 6 |a Sols  |x Humidité. 
650 6 |a Eau souterraine  |x Alimentation artificielle  |z Kansas. 
710 2 |a Geological Survey (U.S.) 
710 2 |a Kansas Geological Survey. 
830 0 |a Geological Survey professional paper ;  |v 1021. 
948 |a cataloged  |b h  |c 2012/11/26  |d c  |e mvaldespin  |f 02:09:45 pm 
994 |a C0  |b TXA 
999 |a MARS 
999 f f |s 39be1179-6c44-3fed-9241-c95b944e9890  |i 932e56cd-7a24-3d13-b748-011780011c2a  |t 0 
952 f f |p normal  |a Texas A&M University  |b College Station  |c Sterling C. Evans Library  |d Evans: US Documents (Annex 5th floor)  |t 0  |e I 19.16:1020-1024  |h Superintendent of Documents classification  |i unmediated -- volume  |m A14838020641 
952 f f |a Texas A&M University  |b College Station  |c Sterling C. Evans Library  |d Evans: US Documents (Annex 5th floor)  |t 0  |e I 19.16:1020-1024  |h Superintendent of Documents classification 
998 f f |a I 19.16:1020-1024  |t 0  |l Evans: US Documents (Annex 5th floor)